000
00302nam a2200109Ia 4500
008
200302s9999 xx 000 0 und d
100
_a
A Moster Draftman's Record
245
_a
The power of buildings hugh ferriss
260
_b
Dover Publication Inc mineola /New Yark
260
_c
2008
300
_a
102 P.,
999
_c
4146
_d
4146